WJEC A-level history unit 3: The American century c. 1890-1990 (Record no. 61822)

MARC details
000 -LEADER
fixed length control field 00621nam a2200157 a 4500
008 - FIXED-LENGTH DATA ELEMENTS--GENERAL INFORMATION
fixed length control field 201203s2019 ||||||||||||||||| || u
020 ## - INTERNATIONAL STANDARD BOOK NUMBER
International Standard Book Number 9781510451445
050 ## - LIBRARY OF CONGRESS CALL NUMBER
Classification number KF 4757 Dav
100 ## - MAIN ENTRY--PERSONAL NAME
Personal name Davey, H.J
245 10 - TITLE STATEMENT
Title WJEC A-level history unit 3: The American century c. 1890-1990
Statement of responsibility, etc. By H.J. Davey
260 ## - PUBLICATION, DISTRIBUTION, ETC.
Place of publication, distribution, etc. Oxfordshire
Name of publisher, distributor, etc. Hodder Education
Date of publication, distribution, etc. 2019
300 ## - PHYSICAL DESCRIPTION
Extent 96 pages:illustrations
350 ## - PRICE (NR) (BK AM CF MU VM SE) [OBSOLETE]
Price 24.63
650 ## - SUBJECT ADDED ENTRY--TOPICAL TERM
Topical term or geographic name entry element AFRICAN AMERICANS--SUFFRAGE--HISTORY
995 ## - RECOMMENDATION 995 [LOCAL, UNIMARC FRANCE]
-- CBU-MAIN LIBRARY (Kitwe)
-- 24.63
-- 1
-- AVAILABLE
-- Dec 10, 2020
-- Main Library Open Access Collection
Holdings
Withdrawn status Lost status Source of classification or shelving scheme Damaged status Not for loan Home library Current library Shelving location Date acquired Total Checkouts Full call number Barcode Date last seen Price effective from Koha item type
          CBU-MAIN LIBRARY, KITWE. CBU-MAIN LIBRARY, KITWE.   11/30/2022   KF 4757 Dav 750572 11/30/2022 11/30/2022 MONOGRAPH